000 00608nam a2200229Ia 4500
003 OSt
005 20220918204125.0
006 a|||||r|||| 00| 0
007 ta
008 220917b |||||||| |||| 00| 0 eng d
024 _a111,102
037 _cTextual
040 _aARTS
_cARTS
_beng
041 _2eng
_aeng
082 _aV498, K1
100 _aDhyani S N
_9110800
245 0 _aContemporary Tibet
_b Its status in International law
260 _aLucknow
_bCapital Law House
_c1961
650 _aHISTORY
942 _hV498, K1
_cTEXL
_2CC
999 _c234451
_d234451